000
00262nam a2200109Ia 4500
008
190216s9999||||xx |||||||||||||| ||und||
100
_a
Vaikam Muhammed Basheer
245
0
_a
Basheer
260
_b
Dc Books
650
_a
Malayalam-Malayalam Criticism
942
_c
BK
999
_c
26042
_d
26042